| 000 | 00000nam##2200000za#4500 |
| 001 | 9.661977 |
| 003 | CaOODSP |
| 005 | 20210615120322 |
| 007 | ta |
| 008 | 150407|2000||||xxc||||| f|0| 0 eng|d |
| 020 | |a0-662-65070-0 |
| 040 | |aCaOODSP|beng |
| 041 | |aeng |
| 041 | |afre |
| 043 | |an-cn--- |
| 086 | 1 |aSE3-29/2000 |
| 110 | 1 |aCanada.|bElections Canada. |bChief Electoral Officer of Canada. |
| 245 | 10|aFederal electoral legislation / |cIssued by the Chief Electoral Officer. |
| 260 | |aOttawa - Ontario : |bElections Canada. |c2000. |
| 300 | |a1 vol. in various pagings. ; |c28 cm. + |e1 folded map. |
| 546 | |aBilingual |
| 563 | |aLoose-leaf |
| 590 | |a00-33|b2000-08-18 |
| 690 | 07|aElectoral system|2gcpds |
| 776 | 0#|tLégislation électorale fédérale |w(CaOODSP)9.676674 |
| 792 | |tLégislation électorale fédérale / |efre|w(CaOODSP)9.661978 |